• 首页
  • 本馆介绍
  • 公告通知
  • 最新文献
  • 馆藏检索
  • 电子资源
  • 读者导购
  • 参考咨询
  • 我的图书馆
  • 登录
  • 详细信息显示
  • 放入我的书架
  • 预约/预借图书
  • 作者相关作品
  • 分类相关作品
  • 丛书相关作品
  • 出版社相关作品

书目信息

  • 表格格式
  • 工作单格式
  • 卡片格式
题名:
森林保持水土机理及功能调控技术
    
 
作者: 吴钦孝 著
分册:  
出版信息: 北京   科学出版社  2005
页数: 274页
开本: 26cm
丛书名:
单 册:
中图分类: S714.7 , S157
科图分类:
主题词: 森林--水土保持-- 研究 , 森林 , 水土保持 , 土壤学
电子资源:
ISBN: 7-03-014538-0
000 00975nam0 2200289 450
000 00937nam0 2200265 450
000 00868nam0 2200241 450
000 00832nam0 2200229 45
005 20070525131419.95
010    @a7-03-014538-0@b精装@dCNY56.00
100    @a20070419d2005 em y0chiy0120 ea
101 0  @achi
102    @aCN@b110000
105    @ab z 000yy
200 1  @a森林保持水土机理及功能调控技术@ASen Lin Bao Chi Shui Tu Ji Li Ji Gong Neng Tiao Kong Ji Shu@f吴钦孝等著@FWu Qin Xiao Deng Zhu
210    @a北京@c科学出版社@d2005
215    @a274页@c地图@d26cm
330    @a本书全面总结了黄土高原森林及其各组成部分的水土保持效应,研究了森林保持水土的机理,并提出了提高森林水土保持功能的综合配套技术。
606 0  @a森林@x水土保持@x 研究
606 0  @a森林
606 0  @a水土保持
606 0  @a土壤学
690    @aS714.7@v4
690    @aS157@v3
701  0 @a吴钦孝@AWu Qin Xiao@f(1937.2~)@4著
801  0 @aCN@bTAOJIN@c20070525
905    @a10447@dS157@e57
    
    森林保持水土机理及功能调控技术/吴钦孝等著.-北京:科学出版社,2005
    274页:地图;26cm
    
    
    ISBN 7-03-014538-0(精装):CNY56.00
    本书全面总结了黄土高原森林及其各组成部分的水土保持效应,研究了森林保持水土的机理,并提出了提高森林水土保持功能的综合配套技术。
●
相关链接 在E读中查询图书 在五车中查询图书 在当当中查询图书 在豆瓣中查询图书


正题名:森林保持水土机理及功能调控技术     索取号:S157/57         预约/预借

序号 登录号 条形码 馆藏地/架位号 状态 备注
1 0522605   205226058   第二样本阅览室/ [索取号:S157/57] 在馆    
2 0522606   205226067   第三借阅区/ [索取号:S157/57] 在馆    
3 0522607   205226076   第三借阅区/ [索取号:S157/57] 在馆    
4 0522608   205226085   第三借阅区/ [索取号:S157/57] 在馆    
5 0522609   205226094   第三借阅区/ [索取号:S157/57] 在馆    
唐山师范学院图书馆 欢迎您!
大连网信软件有限公司© 版权所有